000 00666nam a2200241Ia 4500
003 OSt
005 20220918202417.0
006 a|||||r|||| 00| 0
007 ta
008 220917b |||||||| |||| 00| 0 eng d
024 _a101,037
037 _cTextual
040 _aARTS
_cARTS
_beng
041 _2eng
_aeng
082 _aV235,64:3(T).N7, L4
100 _aInamdar N R
_9103607
245 0 _aEducational administration in the Zila Parishads in Maharashtra
260 _aBombay
_bPopular
_c1974
300 _axii,273p.
_ccm.
650 _aHISTORY
942 _hV235,64:3(T).N7, L4
_cTEXL
_2CC
999 _c224553
_d224553